000 00950nam a2200325Ia 4500
003 OSt
005 20220912150901.0
006 a|||||r|||| 00| 0
007 ta
008 220909b |||||||| |||| 00| 0 eng d
020 _a1580535976 (hbd)
024 _a1526
037 _cTextual
040 _aCSL
_beng
_cCSL
041 _aeng
082 _aD65,8(B):712, P3
100 _aSeurre Emmanuel
245 0 _aEDGE for mobile internet
260 _aBoston
_bArtech House
_c2003
300 _axi,228p.
_ccm.
490 _aArtech house mobile communications series
500 _aIncludes bibliographical references.; Index 219-228p.
_ccm.
650 _a Communication
650 _a Wireless Internet
650 _aMobile
700 _a Pietri Pierre-Jean
700 _a Savelli Patrick
942 _hD65,8(B):712, P3
_cTEXL
_2CC
999 _c56813
_d56813